[Event "Ivy League Challenge 5th"]
[Site "Toronto"]
[Date "2023.03.24"]
[Round "1"]
[White "Zhang, Yuanchen"]
[Black "Shen, Christopher Y"]
[Result "1-0"]
[WhiteElo "2304"]
[BlackElo "2332"]
[PlyCount "73"]
[EventDate "2023.03.24"]
[EventType "team-tourn"]
[EventRounds "5"]
[EventCountry "CAN"]
[SourceTitle "CBM 213 Extra"]
[Source "ChessBase"]
[SourceDate "2023.05.31"]
[SourceVersion "1"]
[SourceVersionDate "2023.05.31"]
[SourceQuality "1"]
[WhiteTeam "Waterloo Univ"]
[BlackTeam "Harvard Univ"]
[WhiteTeamCountry "CAN"]
[BlackTeamCountry "USA"]

1. d4 Nf6 2. c4 g6 3. Nc3 Bg7 4. e4 d6 5. h3 0-0 6. Be3 c5 7. Nf3 cxd4 8. Nxd4 Nc6 9. Be2 Nxd4 10. Bxd4 a6 11. 0-0 Be6 12. Rc1 Rc8 13. b3 Qa5 14. Qd3 Nd7 15. f4 Bxd4+ 16. Qxd4 f6 17. Kh2 Rc7 18. Bg4 f5 19. exf5 gxf5 20. Bf3 Qc5 21. Qd2 Nf6 22. Rfe1 Bf7 23. Na4 Qa7 24. Qa5 Rfc8 25. Qxf5 b5 26. Rxe7 Rxe7 27. Qxc8+ Kg7 28. cxb5 axb5 29. Nc3 Rc7 30. Qf5 Qe3 31. Qg5+ Kf8 32. Qxf6 Qxc1 33. Qd8+ Kg7 34. Qxc7 Qxf4+ 35. Kg1 Qc1+ 36. Kf2 Qd2+ 37. Ne2 1-0

[Event "New York Summer IM-D"]
[Site "New York"]
[Date "2022.07.10"]
[Round "6"]
[White "Shen, Christopher Y"]
[Black "Ibrohimov, Ikrom"]
[Result "1/2-1/2"]
[WhiteElo "2318"]
[BlackElo "2277"]
[PlyCount "120"]
[EventDate "2022.07.07"]
[EventType "tourn"]
[EventRounds "9"]
[EventCountry "USA"]
[SourceTitle "CBM 209 Extra"]
[Source "ChessBase"]
[SourceDate "2022.09.30"]
[SourceVersion "1"]
[SourceVersionDate "2022.09.30"]
[SourceQuality "1"]

1. d4 d5 2. c4 c6 3. Nf3 Nf6 4. cxd5 cxd5 5. Nc3 Nc6 6. Bf4 Bf5 7. e3 e6 8. Qb3 Bb4 9. Ne5 Qb6 10. Nxc6 bxc6 11. Be2 0-0 12. 0-0 Bxc3 13. Qxc3 Ne4 14. Qa3 g5 15. Be5 f6 16. Bg3 c5 17. dxc5 Qxc5 18. Qxc5 Nxc5 19. Rfd1 Rac8 20. Bd6 Rfd8 21. Be7 Re8 22. Bxf6 Kf7 23. Be5 Nd7 24. Bc3 Nb6 25. Rac1 Nc4 26. b3 Nd6 27. Be5 Ke7 28. Ba6 Rxc1 29. Rxc1 Kd7 30. f3 h5 31. Kf2 Rb8 32. Rc3 g4 33. Be2 Rf8 34. Ke1 Rg8 35. f4 h4 36. g3 hxg3 37. hxg3 Rg6 38. Bxd6 Kxd6 39. Bb5 d4 40. exd4 Rh6 41. Be2 Kd5 42. Kd2 Kxd4 43. a4 Rh2 44. Rc4+ Kd5 45. a5 Rg2 46. Rc3 Kd4 47. Rc4+ Kd5 48. Rc3 Kd4 49. Re3 Be4 50. b4 a6 51. b5 axb5 52. a6 Rh2 53. Rxe4+ Kxe4 54. a7 Rh8 55. Bxb5 Kf3 56. Bc6+ Kxg3 57. Ke3 Kh2 58. Kf2 g3+ 59. Kf1 g2+ 60. Bxg2 Kg3 1/2-1/2

[Event "New York Summer IM-D"]
[Site "New York"]
[Date "2022.07.09"]
[Round "5"]
[White "Shen, Christopher Y"]
[Black "Amburgy, Ryan"]
[Result "1/2-1/2"]
[WhiteElo "2318"]
[BlackElo "2204"]
[PlyCount "115"]
[EventDate "2022.07.07"]
[EventType "tourn"]
[EventRounds "9"]
[EventCountry "USA"]
[SourceTitle "CBM 209 Extra"]
[Source "ChessBase"]
[SourceDate "2022.09.30"]
[SourceVersion "1"]
[SourceVersionDate "2022.09.30"]
[SourceQuality "1"]

1. d4 d5 2. c4 e6 3. Nf3 Nf6 4. g3 Bb4+ 5. Nbd2 0-0 6. Bg2 b6 7. 0-0 Bb7 8. Qc2 c5 9. cxd5 Nxd5 10. a3 Bxd2 11. Bxd2 Nd7 12. dxc5 Nxc5 13. b4 Nd7 14. Rfd1 Rc8 15. Qd3 Qc7 16. Rac1 Qb8 17. Rxc8 Rxc8 18. Rc1 h6 19. Qd4 N5f6 20. Rxc8+ Qxc8 21. Bc3 Ba6 22. e4 Qc4 23. Qxc4 Bxc4 24. Nd2 Bb5 25. f3 Ne8 26. Kf2 Kf8 27. f4 Nd6 28. e5 Nf5 29. Nb3 Ba4 30. Nd4 Nxd4 31. Bxd4 Ke7 32. Ke3 Bb5 33. Kd2 Nb8 34. Kc3 Nc6 35. Be3 Kd7 36. Be4 Ne7 37. Kb3 h5 38. a4 Bc6 39. Bd3 g6 40. b5 Bd5+ 41. Kb4 Bf3 42. Bd4 Nd5+ 43. Ka3 Kc7 44. a5 bxa5 45. Ka4 Bd1+ 46. Kxa5 Kb7 47. Bc4 Bc2 48. Be2 Bb3 49. Bf3 Bc2 50. h3 Bb3 51. Bc5 Bc2 52. g4 hxg4 53. hxg4 Bd3 54. Bd4 Bc2 55. Bf2 Bd3 56. Bg3 Bc2 57. Be2 Be4 58. Bh2 1/2-1/2

[Event "World op 50th"]
[Site "Philadelphia"]
[Date "2022.07.04"]
[Round "8"]
[White "Shlyakhtenko, Robert"]
[Black "Shen, Christopher Y"]
[Result "1-0"]
[WhiteElo "2422"]
[BlackElo "2318"]
[PlyCount "145"]
[EventDate "2022.06.30"]
[EventType "swiss"]
[EventRounds "9"]
[EventCountry "USA"]
[SourceTitle "CBM 209 Extra"]
[Source "ChessBase"]
[SourceDate "2022.09.30"]
[SourceVersion "1"]
[SourceVersionDate "2022.09.30"]
[SourceQuality "1"]

1. d4 Nf6 2. c4 g6 3. Nc3 Bg7 4. e4 d6 5. h3 0-0 6. Be3 c5 7. d5 e6 8. Nf3 exd5 9. cxd5 Re8 10. Nd2 a6 11. a4 Nbd7 12. Be2 Qc7 13. Qc2 Rb8 14. 0-0 h6 15. f4 Nh7 16. Bf2 g5 17. g3 Nhf8 18. h4 Nf6 19. hxg5 hxg5 20. f5 Qe7 21. Be3 N6d7 22. Kg2 Bd4 23. Bxd4 cxd4 24. Nd1 Nh7 25. Nf2 Nhf6 26. Rae1 Ne5 27. Nc4 Nxc4 28. Bxc4 Nd7 29. Rh1 Kg7 30. Rh5 Rh8 31. Rxh8 Kxh8 32. Rh1+ Kg7 33. Qd1 Nf6 34. Qxd4 Bd7 35. Qe3 Ng8 36. Ng4 f6 37. a5 Re8 38. Kf3 Qd8 39. Qc3 Qe7 40. Qd4 Qd8 41. Rh5 Kf8 42. Rh7 Re7 43. Nxf6 Rxh7 44. Nxh7+ Kf7 45. Qd2 g4+ 46. Kxg4 Nf6+ 47. Nxf6 Qxf6 48. b3 Qg7+ 49. Kf3 Qh8 50. Kg2 Qe5 51. Qf4 Qb2+ 52. Qf2 Qe5 53. Qe2 Qc3 54. Qh5+ Ke7 55. Qg5+ Kf7 56. Qg6+ Ke7 57. Qg5+ Kf7 58. Qf4 Qb2+ 59. Kh3 Qh8+ 60. Qh4 Qa1 61. Qh5+ Ke7 62. Qg5+ Kf7 63. Qh5+ Ke7 64. Qh4+ Kf7 65. Kg4 Qg7+ 66. Qg5 Qd4 67. Qf4 Qg7+ 68. Kh5 Qh8+ 69. Qh6 Qe5 70. Qh7+ Ke8 71. Qg8+ Ke7 72. Kh6 Qxe4 73. f6+ 1-0

[Event "World op 50th"]
[Site "Philadelphia"]
[Date "2022.07.02"]
[Round "4"]
[White "Khanin, Semen"]
[Black "Shen, Christopher Y"]
[Result "0-1"]
[WhiteElo "2550"]
[BlackElo "2318"]
[PlyCount "128"]
[EventDate "2022.06.30"]
[EventType "swiss"]
[EventRounds "9"]
[EventCountry "USA"]
[SourceTitle "CBM 209 Extra"]
[Source "ChessBase"]
[SourceDate "2022.09.30"]
[SourceVersion "1"]
[SourceVersionDate "2022.09.30"]
[SourceQuality "1"]

1. d4 Nf6 2. c4 g6 3. Nc3 Bg7 4. e4 d6 5. Be2 0-0 6. Be3 Na6 7. h4 h5 8. Nf3 Ng4 9. Bd2 Bd7 10. 0-0 c6 11. a3 e5 12. d5 c5 13. Ng5 Qe7 14. Qc1 Nf6 15. Rb1 Nh7 16. g3 Nxg5 17. Bxg5 f6 18. Be3 f5 19. Bg5 Bf6 20. Bxf6 Qxf6 21. exf5 Bxf5 22. Ra1 Rae8 23. Qe3 Nc7 24. b4 b6 25. Ra2 Na6 26. Rb2 Re7 27. b5 Nc7 28. a4 Rg7 29. Qg5 Qf7 30. Ra1 Ne8 31. a5 Nf6 32. axb6 axb6 33. Rba2 Nh7 34. Qe3 g5 35. Ra7 Bd7 36. Ne4 gxh4 37. Nxd6 Qg6 38. Ne4 hxg3 39. fxg3 Nf6 40. Nxf6+ Rxf6 41. Kh2 Qf5 42. Rxd7 Rxd7 43. Rf1 Qg6 44. Qxe5 Rxf1 45. Bxf1 Rf7 46. Bg2 Qf6 47. Qe2 Re7 48. Qd1 Qd4 49. Qc2 Qe5 50. Qg6+ Rg7 51. Qe6+ Qxe6 52. dxe6 Kf8 53. Bf3 Rg5 54. Kh3 Rf5 55. Bd1 Ke7 56. Kh4 Re5 57. Bxh5 Re4+ 58. Kg5 Kxe6 59. g4 Rxc4 60. Kh6 Rc1 61. g5 Rg1 62. Be2 Rg3 63. Bd1 c4 64. g6 Kf6 0-1

[Event "Las Vegas National op"]
[Site "Las Vegas"]
[Date "2022.06.12"]
[Round "9"]
[White "Shen, Christopher Y"]
[Black "Khachiyan, Melikset"]
[Result "1/2-1/2"]
[WhiteElo "2291"]
[BlackElo "2446"]
[PlyCount "64"]
[EventDate "2022.06.08"]
[EventType "swiss"]
[EventRounds "9"]
[EventCountry "USA"]
[SourceTitle "CBM 208 Extra"]
[Source "ChessBase"]
[SourceDate "2022.07.31"]
[SourceVersion "1"]
[SourceVersionDate "2022.07.31"]
[SourceQuality "1"]

1. d4 Nf6 2. Nf3 g6 3. c4 Bg7 4. g3 c6 5. Bg2 d5 6. 0-0 0-0 7. cxd5 cxd5 8. Nc3 Ne4 9. Ne5 Nxc3 10. bxc3 Nd7 11. Nxd7 Qxd7 12. Qb3 Rd8 13. e4 e6 14. exd5 exd5 15. Bg5 f6 16. Be3 Qf7 17. Rfc1 Be6 18. a4 Rac8 19. a5 Rd7 20. h4 h6 21. Qb2 g5 22. hxg5 fxg5 23. Ra3 Bf5 24. Rb3 Rc6 25. Rb5 Bd3 26. Rc5 Bf8 27. Rxc6 bxc6 28. Qd2 Qg6 29. Bf1 Bxf1 30. Rxf1 Rb7 31. Qe2 h5 32. c4 g4 1/2-1/2

[Event "Las Vegas National op"]
[Site "Las Vegas"]
[Date "2022.06.10"]
[Round "4"]
[White "Shen, Christopher Y"]
[Black "Cordova, Emilio"]
[Result "1/2-1/2"]
[WhiteElo "2291"]
[BlackElo "2549"]
[PlyCount "39"]
[EventDate "2022.06.08"]
[EventType "swiss"]
[EventRounds "9"]
[EventCountry "USA"]
[SourceTitle "CBM 208 Extra"]
[Source "ChessBase"]
[SourceDate "2022.07.31"]
[SourceVersion "1"]
[SourceVersionDate "2022.07.31"]
[SourceQuality "1"]

1. Nf3 c5 2. c4 b6 3. g3 Bb7 4. Bg2 Nf6 5. 0-0 e6 6. b3 Be7 7. Bb2 0-0 8. e3 d6 9. Nc3 a6 10. Qe2 Re8 11. d3 Bf8 12. Rfd1 Nbd7 13. Nh4 Rb8 14. f4 d5 15. e4 d4 16. Nb1 g6 17. e5 Nh5 18. Rf1 Bg7 19. Bxb7 Rxb7 20. Ng2 1/2-1/2

[Event "Las Vegas National op"]
[Site "Las Vegas"]
[Date "2022.06.09"]
[Round "3"]
[White "Bitoon, Richard"]
[Black "Shen, Christopher Y"]
[Result "1/2-1/2"]
[WhiteElo "2437"]
[BlackElo "2291"]
[PlyCount "89"]
[EventDate "2022.06.08"]
[EventType "swiss"]
[EventRounds "9"]
[EventCountry "USA"]
[SourceTitle "CBM 208 Extra"]
[Source "ChessBase"]
[SourceDate "2022.07.31"]
[SourceVersion "1"]
[SourceVersionDate "2022.07.31"]
[SourceQuality "1"]

1. Nf3 Nf6 2. d4 g6 3. Bf4 Bg7 4. Nbd2 d5 5. e3 0-0 6. h3 c5 7. c3 Nc6 8. Be2 Qb6 9. Qb3 Qxb3 10. axb3 b6 11. 0-0 Bb7 12. Ra2 Nd7 13. Rfa1 a5 14. Bg3 Rac8 15. Bb5 Rfe8 16. Rd1 Red8 17. Raa1 h6 18. Nb1 cxd4 19. exd4 Nf6 20. Nfd2 Ne8 21. Re1 e6 22. Na3 Nd6 23. Bd3 Bf8 24. h4 Nf5 25. Bxf5 gxf5 26. Nb5 Rd7 27. Nf3 Ba6 28. Na3 Kh7 29. Nb1 Bb7 30. Nbd2 Be7 31. Bf4 Rg8 32. g3 Bf6 33. Kh2 Be7 34. Re3 Ra8 35. Ne1 Ba6 36. Ng2 b5 37. f3 b4 38. g4 fxg4 39. fxg4 Rda7 40. Nf3 Bb5 41. Rc1 bxc3 42. bxc3 Rd8 43. g5 a4 44. bxa4 Rxa4 45. Rb1 1/2-1/2

[Event "Charlotte CCCSA Winter IM-B"]
[Site "Charlotte"]
[Date "2022.01.15"]
[Round "4"]
[White "Shen, Christopher Y"]
[Black "Bregadze, Levan"]
[Result "1/2-1/2"]
[WhiteElo "2335"]
[BlackElo "2448"]
[PlyCount "43"]
[EventDate "2022.01.13"]
[EventType "tourn"]
[EventRounds "9"]
[EventCountry "USA"]
[SourceTitle "CBM 206 Extra"]
[Source "ChessBase"]
[SourceDate "2022.03.31"]
[SourceVersion "1"]
[SourceVersionDate "2022.03.31"]
[SourceQuality "1"]

1. d4 Nf6 2. Nf3 e6 3. c4 c5 4. e3 cxd4 5. exd4 d5 6. Nc3 Bb4 7. a3 Bxc3+ 8. bxc3 0-0 9. Bd2 b6 10. Bd3 dxc4 11. Bxc4 Bb7 12. 0-0 Qc7 13. Bd3 Nbd7 14. Re1 Rfe8 15. Qe2 h6 16. a4 Rad8 17. Ne5 Nxe5 18. Qxe5 Qxe5 19. Rxe5 Rd5 20. Rxd5 Bxd5 21. a5 Ne4 22. Bxe4 1/2-1/2

[Event "Charlotte CCCSA Winter IM-B"]
[Site "Charlotte"]
[Date "2022.01.13"]
[Round "1"]
[White "Chen, Ryo"]
[Black "Shen, Christopher Y"]
[Result "1/2-1/2"]
[WhiteElo "2255"]
[BlackElo "2335"]
[PlyCount "153"]
[EventDate "2022.01.13"]
[EventType "tourn"]
[EventRounds "9"]
[EventCountry "USA"]
[SourceTitle "CBM 206 Extra"]
[Source "ChessBase"]
[SourceDate "2022.03.31"]
[SourceVersion "1"]
[SourceVersionDate "2022.03.31"]
[SourceQuality "1"]

1. e4 e5 2. Nf3 Nc6 3. Bb5 a6 4. Ba4 Nf6 5. d3 d6 6. c3 g6 7. 0-0 Bg7 8. Nbd2 0-0 9. Re1 h6 10. Nf1 b5 11. Bc2 d5 12. a4 Be6 13. Bd2 dxe4 14. dxe4 Nh5 15. b4 Nf4 16. axb5 axb5 17. Rxa8 Qxa8 18. g3 Nh5 19. Bd3 Qb7 20. Qe2 Na7 21. Be3 c6 22. c4 bxc4 23. Bxc4 Re8 24. Bxe6 Rxe6 25. Qd2 Nb5 26. Bc5 Nf6 27. Rd1 Kh7 28. Qd3 Qa6 29. Ne3 Qa3 30. Qxa3 Nxa3 31. Nd2 Nb5 32. f3 Nc3 33. Ra1 Nd7 34. Ra3 Nb5 35. Rd3 Nxc5 36. bxc5 Bf8 37. Nb3 Nd4 38. Nxd4 exd4 39. Rxd4 Bxc5 40. Rd3 f5 41. Rd7+ Kg8 42. Kf2 g5 43. Ke2 fxe4 44. Nf5 exf3+ 45. Kxf3 Bf8 46. g4 c5 47. Rc7 Rb6 48. h4 Rb3+ 49. Ke4 Rb4+ 50. Kf3 Rf4+ 51. Ke2 gxh4 52. Nxh4 Rxg4 53. Nf5 Rg5 54. Nh4 h5 55. Kf3 Bd6 56. Rc6 Bg3 57. Ng2 h4 58. Ne3 h3 59. Rh6 h2 60. Nf1 Be5 61. Nxh2 Kg7 62. Rh4 Kf7 63. Ng4 Bd4 64. Ne3 Ke6 65. Nc2 Be5 66. Rh6+ Kd5 67. Rh4 Rg3+ 68. Ke2 Rb3 69. Ne3+ Kc6 70. Re4 Bd4 71. Nc2 Kd5 72. Nxd4 cxd4 73. Re8 Rc3 74. Rd8+ Kc4 75. Rc8+ Kb3 76. Rd8 d3+ 77. Rxd3 1/2-1/2

[Event "US op Denker 121st"]
[Site "Cherry Hill"]
[Date "2021.08.03"]
[Round "6"]
[White "Maiti, Milind"]
[Black "Shen, Christopher Y"]
[Result "1/2-1/2"]
[WhiteElo "2384"]
[BlackElo "2346"]
[PlyCount "92"]
[EventDate "2021.07.31"]
[EventType "swiss"]
[EventRounds "6"]
[EventCountry "USA"]
[SourceTitle "EXT 2022"]
[Source "ChessBase"]
[SourceDate "2021.10.06"]
[SourceVersion "1"]
[SourceVersionDate "2021.10.06"]
[SourceQuality "1"]

1. d4 e6 2. c4 Bb4+ 3. Bd2 a5 4. Nf3 Nf6 5. g3 0-0 6. Bg2 d5 7. 0-0 c6 8. Qc2 Nbd7 9. Rd1 Be7 10. Bf4 Ne4 11. Nc3 f5 12. Ne5 Qe8 13. f3 Nd6 14. c5 Nf7 15. Nxd7 Bxd7 16. e4 Bg5 17. Bxg5 Nxg5 18. h4 Nf7 19. e5 f4 20. g4 Qe7 21. Qf2 Nh8 22. Kh2 Ng6 23. Kh3 h5 24. gxh5 Nh8 25. Bf1 Rf5 26. Bd3 Rxh5 27. Rg1 Nf7 28. Ne2 Rf8 29. Nxf4 Ng5+ 30. Rxg5 Rxg5 31. hxg5 Rxf4 32. Rg1 Be8 33. Rg4 Qf8 34. Kg3 Rxg4+ 35. Kxg4 g6 36. Qh2 b6 37. Qf4 Qe7 38. Qf6 Qh7 39. Qxe6+ Bf7 40. Qf6 Qh5+ 41. Kg3 Qh1 42. Bxg6 Qg1+ 43. Kh4 Qh1+ 44. Kg3 Qg1+ 45. Kh3 Qh1+ 46. Kg3 Qg1+ 1/2-1/2

[Event "Wch FIDE Online U16 America qual"]
[Site "Tornelo INT"]
[Date "2020.12.02"]
[Round "2"]
[White "Palma Villanueva, Miguel Ta"]
[Black "Shen, Christopher Y"]
[Result "0-1"]
[WhiteElo "1736"]
[BlackElo "2354"]
[PlyCount "172"]
[EventDate "2020.12.01"]
[EventType "swiss (rapid)"]
[EventRounds "7"]
[EventCountry "ISS"]
[SourceTitle "EXT 2022"]
[Source "ChessBase"]
[SourceDate "2021.10.06"]
[SourceVersion "1"]
[SourceVersionDate "2021.10.06"]
[SourceQuality "1"]

1. e4 e6 2. d4 d5 3. Nd2 c5 4. c3 Nc6 5. exd5 Qxd5 6. Ndf3 Nf6 7. Bd3 cxd4 8. cxd4 Bb4+ 9. Bd2 Bxd2+ 10. Qxd2 0-0 11. Ne2 Rd8 12. Nc3 Qd6 13. Rd1 b6 14. 0-0 Bb7 15. Rfe1 Nb4 16. Be2 Nbd5 17. Ne5 Rac8 18. Bf3 Ba8 19. Rc1 a6 20. Red1 h6 21. h3 b5 22. Ne4 Nxe4 23. Bxe4 Nf6 24. Bxa8 Rxa8 25. Qe3 Rac8 26. Rxc8 Rxc8 27. Rc1 Qf8 28. Nd3 Nd5 29. Qd2 Qe8 30. Rc5 Nf6 31. Qa5 Rc6 32. Ne5 Rd6 33. Nf3 Ne4 34. Rc1 g6 35. Qe1 Nf6 36. Qe5 Qd8 37. Rc2 Rd5 38. Qe3 Kg7 39. Rc6 Qa5 40. Ne5 Nd7 41. Nxd7 Rxd7 42. Qe5+ Kh7 43. Rc8 Rd8 44. Rc7 Kg8 45. Qc5 Qe1+ 46. Kh2 Qxf2 47. Qe5 Qxd4 48. Qxd4 Rxd4 49. Rc6 a5 50. Rb6 Rd5 51. Kg3 Kg7 52. Kf4 Kf6 53. Ke3 g5 54. Ra6 b4 55. a3 bxa3 56. bxa3 Kf5 57. a4 h5 58. Rb6 f6 59. Kf3 Rc5 60. Ke3 Ke5 61. Kd3 f5 62. Rb8 g4 63. Rh8 gxh3 64. gxh3 Rd5+ 65. Ke3 Rd1 66. Rb8 f4+ 67. Ke2 Rd5 68. Kf3 Rd3+ 69. Ke2 Rxh3 70. Rb5+ Ke4 71. Rxa5 Rh2+ 72. Kf1 e5 73. Rb5 f3 74. Rb4+ Kf5 75. Rb5 Kf4 76. Rb8 Ra2 77. Rf8+ Ke3 78. Kg1 Rxa4 79. Re8 e4 80. Rd8 Ke2 81. Rf8 e3 82. Kh2 f2 83. Kg2 Rg4+ 84. Kh2 f1Q 85. Rxf1 Kxf1 86. Kh3 Kf2 0-1

[Event "USA-ch U16"]
[Site "Chess.com INT"]
[Date "2020.09.26"]
[Round "2"]
[White "Shlyakhtenko, Robert"]
[Black "Shen, Christopher Y"]
[Result "1/2-1/2"]
[WhiteElo "2370"]
[BlackElo "2354"]
[PlyCount "118"]
[EventDate "2020.09.25"]
[EventType "tourn (rapid)"]
[EventRounds "7"]
[EventCountry "USA"]
[EventCategory "5"]
[SourceTitle "CBM 198 Extra"]
[Source "ChessBase"]
[SourceDate "2020.11.30"]
[SourceVersion "1"]
[SourceVersionDate "2020.11.30"]
[SourceQuality "1"]

1. d4 Nf6 2. c4 g6 3. Nc3 Bg7 4. e4 d6 5. Nge2 0-0 6. f3 c5 7. d5 e6 8. Ng3 exd5 9. cxd5 Re8 10. Be2 Na6 11. 0-0 Nc7 12. a4 Rb8 13. Bg5 h6 14. Be3 a6 15. Qd2 Kh7 16. Rab1 b5 17. b4 cxb4 18. Rxb4 a5 19. Rbb1 b4 20. Nd1 Qe7 21. Bd4 h5 22. Bc4 Bd7 23. Nb2 h4 24. Ne2 h3 25. Ng3 hxg2 26. Kxg2 Rg8 27. Kh1 Bh3 28. Rg1 Nd7 29. Bxg7 Rxg7 30. f4 Qh4 31. Bf1 Nb6 32. Qd4 Bd7 33. Bd3 f6 34. Rg2 Nxa4 35. Nxa4 Bxa4 36. Rbg1 Rbg8 37. Qa1 Be8 38. e5 Nxd5 39. f5 dxe5 40. Qxa5 Nf4 41. fxg6+ Bxg6 42. Nf5 Bxf5 43. Bxf5+ Kh6 44. Rxg7 Rxg7 45. Rxg7 Kxg7 46. Qxb4 Ng6 47. Qb7+ Kh6 48. Bxg6 Qe1+ 49. Kg2 Kxg6 50. Qc8 Qe2+ 51. Kg3 Qe3+ 52. Kg2 Qg5+ 53. Kh1 Qf4 54. Kg2 e4 55. Qg8+ Kf5 56. Qc8+ Kg5 57. Qg8+ Kf5 58. Qc8+ Kg5 59. Qg8+ Kf5 1/2-1/2

[Event "USA-ch U16"]
[Site "Chess.com INT"]
[Date "2020.09.25"]
[Round "1"]
[White "Shen, Christopher Y"]
[Black "Yan, Rui Yang"]
[Result "1-0"]
[WhiteElo "2354"]
[BlackElo "2093"]
[PlyCount "109"]
[EventDate "2020.09.25"]
[EventType "tourn (rapid)"]
[EventRounds "7"]
[EventCountry "USA"]
[EventCategory "5"]
[SourceTitle "CBM 198 Extra"]
[Source "ChessBase"]
[SourceDate "2020.11.30"]
[SourceVersion "1"]
[SourceVersionDate "2020.11.30"]
[SourceQuality "1"]

1. Nf3 Nf6 2. g3 e6 3. Bg2 d5 4. 0-0 Be7 5. c4 d4 6. d3 c5 7. Na3 0-0 8. Nc2 Nc6 9. Rb1 a5 10. e3 e5 11. exd4 cxd4 12. Re1 Bd6 13. Bg5 h6 14. Bxf6 Qxf6 15. Nd2 Qd8 16. b3 Bf5 17. Ne4 Bg6 18. a3 Rc8 19. b4 b6 20. bxa5 bxa5 21. Rb5 Bxe4 22. Bxe4 f5 23. Bd5+ Kh8 24. Qh5 Ne7 25. Bg2 Ng8 26. Rb7 Rc7 27. Reb1 Qc8 28. Rxc7 Bxc7 29. h3 Qd7 30. Qf3 Nf6 31. Rb5 e4 32. Qd1 Rd8 33. a4 Qe6 34. Qe2 e3 35. fxe3 dxe3 36. Qxe3 Qxe3+ 37. Nxe3 Rxd3 38. Nxf5 Rc3 39. Bd5 Bxg3 40. Nxg3 Rxg3+ 41. Kh2 Ra3 42. Rxa5 Nxd5 43. cxd5 Kg8 44. Ra7 Kf8 45. a5 g5 46. a6 h5 47. Ra8+ Ke7 48. a7 Ra2+ 49. Kg1 Ra1+ 50. Kg2 Ra2+ 51. Kf3 Ra3+ 52. Ke4 Ra4+ 53. Ke5 g4 54. hxg4 hxg4 55. Rg8 1-0

[Event "Denker Memorial 26th"]
[Site "Chess.com INT"]
[Date "2020.07.26"]
[Round "5"]
[White "Shen, Christopher Y"]
[Black "Narayanan, Samrug"]
[Result "1/2-1/2"]
[WhiteElo "2354"]
[BlackElo "2100"]
[PlyCount "114"]
[EventDate "2020.07.25"]
[EventType "swiss"]
[EventRounds "6"]
[EventCountry "USA"]
[SourceTitle "EXT 2021"]
[Source "ChessBase"]
[SourceDate "2020.10.23"]
[SourceVersion "1"]
[SourceVersionDate "2020.10.23"]
[SourceQuality "1"]

1. d4 d5 2. c4 e6 3. Nf3 Nf6 4. g3 dxc4 5. Qa4+ Nbd7 6. Qxc4 a6 7. Bg2 b5 8. Qc2 Bb7 9. 0-0 c5 10. Nc3 cxd4 11. Nxd4 Bxg2 12. Kxg2 Qb6 13. Nf3 Bc5 14. Ne4 Be7 15. Be3 Qb7 16. Nxf6+ Nxf6 17. Rac1 0-0 18. Bd4 Rac8 19. Qb3 Rfd8 20. Kg1 Qe4 21. Bb6 Re8 22. Qe3 Qa4 23. Rxc8 Rxc8 24. Rc1 Rxc1+ 25. Qxc1 h6 26. a3 Qe4 27. Kf1 g5 28. h3 Nd5 29. Qc8+ Kg7 30. Bd4+ Bf6 31. Bxf6+ Nxf6 32. Qc3 Qb1+ 33. Kg2 Qe4 34. Kf1 Qb1+ 35. Kg2 Qe4 36. Qe5 Qxe5 37. Nxe5 Nd5 38. e4 Nb6 39. Kf3 f5 40. Ke3 Kf6 41. Nd3 Nc4+ 42. Kd4 e5+ 43. Kd5 h5 44. exf5 Kxf5 45. f3 Ne3+ 46. Kc5 e4 47. g4+ hxg4 48. hxg4+ Ke6 49. fxe4 Nxg4 50. Kd4 a5 51. Nc5+ Ke7 52. e5 Nf2 53. Nb7 g4 54. Nd6 Ke6 55. Nxb5 g3 56. Ke3 Nd1+ 57. Kf3 Nxb2 1/2-1/2

[Event "Denker Memorial 26th"]
[Site "Chess.com INT"]
[Date "2020.07.25"]
[Round "2"]
[White "Shen, Christopher Y"]
[Black "Amburgy, Ryan"]
[Result "1-0"]
[WhiteElo "2354"]
[BlackElo "1906"]
[PlyCount "141"]
[EventDate "2020.07.25"]
[EventType "swiss"]
[EventRounds "6"]
[EventCountry "USA"]
[SourceTitle "EXT 2021"]
[Source "ChessBase"]
[SourceDate "2020.10.23"]
[SourceVersion "1"]
[SourceVersionDate "2020.10.23"]
[SourceQuality "1"]

1. d4 Nf6 2. Nf3 e6 3. g3 d5 4. c4 Bb4+ 5. Bd2 Bd6 6. Bg2 0-0 7. Qb3 c6 8. Bb4 dxc4 9. Qxc4 Re8 10. Bxd6 Qxd6 11. 0-0 Nbd7 12. Nc3 e5 13. Rfd1 Nb6 14. Qb3 exd4 15. Nxd4 Qe5 16. Rac1 Be6 17. Nxe6 Qxe6 18. Qxe6 fxe6 19. b3 Rad8 20. h3 Nbd5 21. Na4 Kf7 22. Nc5 b6 23. Nd3 c5 24. e4 Ne7 25. Ne5+ Kf8 26. f4 Rd4 27. Rxd4 cxd4 28. Kf2 Rd8 29. Nd3 Ke8 30. Rc4 Rc8 31. Rxc8+ Nxc8 32. e5 Nd7 33. b4 Ne7 34. Be4 g6 35. Ne1 a5 36. a3 axb4 37. axb4 Nb8 38. Nc2 Na6 39. Ke2 Kd7 40. Kd3 Nc7 41. Kxd4 Ncd5 42. b5 Nc7 43. Kc4 Ned5 44. Nd4 Ne3+ 45. Kd3 Ned5 46. h4 Ke7 47. h5 Kf7 48. h6 Ne7 49. Nf3 Ng8 50. Ng5+ Ke7 51. Nxh7 Nxb5 52. Bxg6 Nxh6 53. Nf6 Nc7 54. Kc4 Nf7 55. Be4 Nh6 56. g4 Kf7 57. Bf3 Kg7 58. Nd7 b5+ 59. Kc5 Kf7 60. Nf6 Ke7 61. Be2 Kf7 62. Kd6 b4 63. Kxc7 b3 64. Kd6 b2 65. Bd3 Kg7 66. Kxe6 Nf7 67. Ke7 Kh8 68. e6 Nh6 69. g5 Nf7 70. exf7 b1N 71. f8Q# 1-0

[Event "Charlotte CCCSA Fall IM"]
[Site "Charlotte"]
[Date "2019.12.01"]
[Round "9"]
[White "Drozdowski, Kacper"]
[Black "Shen, Christopher Y"]
[Result "1/2-1/2"]
[WhiteElo "2467"]
[BlackElo "2306"]
[PlyCount "41"]
[EventDate "2019.11.27"]
[EventType "tourn"]
[EventRounds "9"]
[EventCountry "USA"]
[EventCategory "4"]
[SourceTitle "CBM 193 Extra"]
[Source "ChessBase"]
[SourceDate "2020.01.31"]
[SourceVersion "1"]
[SourceVersionDate "2020.01.31"]
[SourceQuality "1"]

1. e4 e6 2. d4 d5 3. Nd2 c5 4. exd5 Qxd5 5. dxc5 Qxc5 6. Ngf3 Nf6 7. Bd3 Qc7 8. 0-0 Nbd7 9. b3 a6 10. Bb2 Be7 11. a4 Nc5 12. Bc4 Bd7 13. Ne5 0-0 14. Qe2 Bc6 15. Nxc6 Qxc6 16. Nf3 Nce4 17. Ne5 Qc7 18. Bd3 Nc5 19. Bc4 Nce4 20. Bd3 Nc5 21. Bc4 1/2-1/2